00882cam a2200265u 45000010008000000030004000080050017000120080041000290100017000700400019000870430021001060500019001270820016001461100071001622450036002332600023002693000030002926510057003226510040003796510040004199060045004599420012005049990015005169520085005316128505OSt20230704112145.0821108s1964 ii b 000 0 eng  asa 66005958  aDLCcCarPdDLC aa-ii---aa-pk---00aDS485.K2bA548 a341.23bKHA1 aIndia (Republic)bMinistry of External Affairs. [from old catalog]10akashmir and the United Nations. a[New Delhi,c1964] a26 p.bfold. map.c23 cm. 0aKashmirxPolitics and government. [from old catalog] 0aIndiaxForeign relationszPakistan. 0aPakistanxForeign relationszIndia. a0bcbccpremunvduencipf19gy-gencatlg 2ddccBK c3730d3730 00102ddc4070a002b002d2023-07-04l0o341.23 KHAr2023-07-04w2023-07-04yBK